Countries by Biggest City (no capitals) - Statistics

General Stats
  • This quiz has been taken 42 times
  • The average score is 17 of 28
Answer Stats
Hint Answer % Correct
Australia Sydney
100%
Canada Toronto
88%
United States New York City
85%
Brazil São Paulo
85%
United Arab Emirates Dubai
82%
Turkey Istanbul
82%
South Africa Johannesburg
82%
China Shanghai | Guangzhou
82%
Morocco Casablanca
79%
Nigeria Lagos
79%
Switzerland Zürich
79%
New Zealand Auckland
76%
Belize Belize City
76%
Vietnam Ho Chi Minh City
76%
Pakistan Karachi
70%
Liechtenstein Schaan
67%
Tanzania Dar es Salaam
64%
Kazakhstan Almaty
61%
Myanmar Yangon
52%
Ivory Coast Abidjan
48%
Burundi Bujumbura
45%
Bolivia Santa Cruz
39%
Equatorial Guinea Bata
15%
F.S. Micronesia Weno
15%
San Marino Dogana
12%
Trinidad and Tobago Chaguanas
9%
Malta Saint Paul's Bay
9%
Nauru Denigomodu
6%
No matching quizzes found
Score Distribution
Percent of People with Each Score
Percentile by Number Answered
Your Score History
You have not taken this quiz